000 00568nam a2200169Ia 4500
008 090711s9999 xx 000 0 und d
082 _b613
100 _aपोखरकर प्रशंात
245 _aब्लँक टायगर
260 _bपुष्प प्रकाशन प्रा. लि.
_c1993
300 _a188
600 _aपोखरकर प्रशंात
630 _aब्लँक टायगर
700 _aपोखरकर प्रशंात
730 _aब्लँक टायगर
942 _cBOOK
999 _c326541
_d326541